Death Songs - Statistics

General Stats
  • This quiz has been taken 104 times
  • The average score is 28 of 62
Answer Stats
Hint Answer % Correct
Symbolic Symbolic
94%
Leprosy Leprosy
91%
Spiritual Healing Spiritual Healing
91%
Leprosy Pull the Plug
80%
Scream Bloody Gore Scream Bloody Gore
80%
The Sound of Perseverance Spirit Crusher
80%
Individual Thought Patterns The Philosopher
80%
The Sound of Perseverance Painkiller
78%
Symbolic Crystal Mountain
75%
Scream Bloody Gore Zombie Ritual
74%
The Sound of Perseverance Voice of the Soul
72%
Individual Thought Patterns Individual Thought Patterns
69%
The Sound of Perseverance Scavenger of Human Sorrow
66%
The Sound of Perseverance Flesh and the Power It Holds
65%
Symbolic 1000 Eyes
62%
Human Flattening of Emotions
57%
Human Lack of Comprehension
54%
Scream Bloody Gore Evil Dead
52%
Spiritual Healing Living Monstrosity
49%
Human Suicide Machine
49%
The Sound of Perseverance Bite the Pain
48%
Symbolic Zero Tolerance
48%
Human Cosmic Sea
46%
Leprosy Born Dead
46%
Scream Bloody Gore Infernal Death
46%
Symbolic Perennial Quest
46%
Individual Thought Patterns Trapped In A Corner
46%
Symbolic Misanthrope
43%
Scream Bloody Gore Mutilation
40%
The Sound of Perseverance A Moment of Clarity
38%
Symbolic Empty Words
38%
Spiritual Healing Killing Spree
37%
Leprosy Open Casket
37%
Human Vacant Planets
37%
Spiritual Healing Low Life
35%
Scream Bloody Gore Regurgitated Guts
35%
Human Together As One
35%
Spiritual Healing Altering the Future
32%
Symbolic Sacred Serenity
32%
Scream Bloody Gore Sacrificial
32%
The Sound of Perseverance To Forgive is to Suffer
32%
Scream Bloody Gore Baptized in Blood
31%
Spiritual Healing Genetic Reconstruction
31%
Leprosy Left to Die
31%
The Sound of Perseverance Story to Tell
31%
Symbolic Without Judgement
31%
Individual Thought Patterns Overactive Imagination
28%
Spiritual Healing Defensive Personalities
26%
Individual Thought Patterns Destiny
26%
Individual Thought Patterns Jealousy
26%
Human Secret Face
26%
Scream Bloody Gore Torn To Pieces
26%
Spiritual Healing Within the Mind
26%
Leprosy Primitive Ways
25%
Leprosy Choke on It
23%
Scream Bloody Gore Denial of Life
23%
Human See Through Dreams
23%
Leprosy Forgotten Past
22%
Individual Thought Patterns In Human Form
18%
Individual Thought Patterns Nothing Is Everything
18%
Individual Thought Patterns Out Of Touch
17%
Individual Thought Patterns Mentally Blind
15%
No matching quizzes found
Score Distribution
Percent of People with Each Score
Percentile by Number Answered
Your Score History
You have not taken this quiz